Statistiques concernant Grade de la Gendarmerie Nationale

Cliquez ici pour prendre le quiz!

Statistiques générales

  • Ce quiz a été pris 1 136 fois
  • Le résultat moyen est 13 sur 22

Statistiques - réponses

Réponse% Correct
Colonel
83%
Lieutenant-Colonel
79%
Capitaine
76%
Lieutenant
76%
Général d'Armée
75%
Adjudant
73%
Major
73%
Adjudant-Chef
71%
Général de Brigade
71%
Général de Division
68%
Sous-Lieutenant
68%
Général de Corps d'Armée
63%
Maréchal des Logis-Chef
62%
Gendarme
60%
Aspirant
52%
Chef d'Escadron
50%
Brigadier
49%
Brigadier-Chef
47%
Gendarme Sous-Contrat
42%
Gendarme Adjoint Volontaire
23%
Elève Sous-Officier
13%
Gendarme Adjoint de 1er Classe
3%

Distribution des résultats

Percentile par nombre de réponses

% des personnes avec chaque résultat

Votre développement - résultats

Vous n’avez pas pris ce quiz